The best dictionary for students / (Record no. 5641)

MARC details
000 -LEADER
fixed length control field 00621nam a22002177a 4500
001 - CONTROL NUMBER
control field 5641
003 - CONTROL NUMBER IDENTIFIER
control field FISKH
005 - DATE AND TIME OF LATEST TRANSACTION
control field 20250108122729.0
008 - FIXED-LENGTH DATA ELEMENTS--GENERAL INFORMATION
fixed length control field 250108b cb ||||| |||| 00| 0 eng d
020 ## - INTERNATIONAL STANDARD BOOK NUMBER
International Standard Book Number 9780974529226
040 ## - CATALOGING SOURCE
Original cataloging agency FISKH
Language of cataloging eng
Transcribing agency FISKH
Modifying agency FISKH
050 ## - LIBRARY OF CONGRESS CALL NUMBER
Classification number PE1628.B47
082 ## - DEWEY DECIMAL CLASSIFICATION NUMBER
Classification number 423
245 ## - TITLE STATEMENT
Title The best dictionary for students /
Statement of responsibility, etc. Dictionary Project
260 ## - PUBLICATION, DISTRIBUTION, ETC.
Place of publication, distribution, etc. Charleston :
Name of publisher, distributor, etc. The Dictionary Project, Inc ;
Date of publication, distribution, etc. 2008.
300 ## - PHYSICAL DESCRIPTION
Extent 366 pages :
Other physical details illustrations, maps ;
Dimensions 20 cm .
650 ## - SUBJECT ADDED ENTRY--TOPICAL TERM
Topical term or geographic name entry element reference
Form subdivision non-fiction
650 ## - SUBJECT ADDED ENTRY--TOPICAL TERM
Topical term or geographic name entry element dictionaries
Form subdivision non-fiction
942 ## - ADDED ENTRY ELEMENTS (KOHA)
Source of classification or shelving scheme Dewey Decimal Classification
Koha item type Books
Suppress in OPAC No
Holdings
Withdrawn status Lost status Source of classification or shelving scheme Damaged status Not for loan Collection Home library Current library Shelving location Date acquired Total Checkouts Full call number Barcode Date last seen Price effective from Koha item type
    Dewey Decimal Classification     Non-Fiction Footprints International School Library Network Toul Kork Campus Footprints International School Library Network Toul Kork Campus TTP Secondary Non-Fiction Bookshelves 01/08/2025   DIC 423 PE1628.B47 2025-0003 01/08/2025 01/08/2025 Books